01479nam a2200337Ia 4500001001200000003000800012006001900020007001500039008004100054010001700095020004500112020002600157040002100183035002100204050002200225082001600247100002400263245011000287260005500397300001500452504005100467533015200518610005100670650006200721650005300783650006000836650007300896655002900969710001700998856012601015ebr10687030CaPaEBRm u cr cn|||||||||120820s2013 alu sb s001 0 eng d z 2012031751 z9780817317836 (trade cloth : alk. paper) z9780817386511 (ebook) aCaPaEBRcCaPaEBR a(OCoLC)84089777314aE611b.P53 2013eb04a973.7/72231 aPickenpaugh, Roger.10aCaptives in blueh[electronic resource] :bthe Civil War prisons of the Confederacy /cRoger Pickenpaugh. aTuscaloosa :bUniversity of Alabama Press,cc2013. ax, 303 p.  aIncludes bibliographical references and index. aElectronic reproduction.bPalo Alto, Calif. :cebrary,d2013.nAvailable via World Wide Web.nAccess may be limited to ebrary affiliated libraries.10aConfederate States of America.bArmyxPrisons. 0aMilitary prisonszConfederate States of AmericaxHistory. 0aPrisoners of warzConfederate States of America. 0aPrisoners of warzUnited StatesxHistoryy19th century. 0aUnited StatesxHistoryyCivil War, 1861-1865xPrisoners and prisons. 7aElectronic books.2local2 aebrary, Inc.40uhttp://site.ebrary.com/lib/rucke/Doc?id=10687030zAn electronic book accessible through the World Wide Web; click to view